Pohjois-Makedonia-visa - Statistics

Yleistilastot
  • Tätä visaa on pelattu 258 kertaa
  • Keskiarvotulos 11 / 18
Vastaustilastot
Vihje Vastaus % Oikein
Naapurimaat Albania
99%
Naapurimaat Kosovo
97%
Naapurimaat Kreikka
97%
Naapurimaat Serbia
97%
Valtio, josta Pohjois-Makedonia itsenäistyi 1991 Jugoslavia
95%
Naapurimaat Bulgaria
94%
Pääkaupunki Skopje
94%
Lipussa kuvattu asia Aurinko
79%
Vuonna 1910 pääkaupungissa syntynyt tunnettu nunna Äiti Teresa
74%
Toiseksi suurin etninen ryhmä, joka kattaa noin neljänneksen väestöstä Albaanit
53%
Valtio, johon noin puolet viennistä suuntautuu Saksa
51%
Kiista, joka Pohjois-Makedonialla ja naapurimaalla #4 oli vuosikymmenten ajan {Nimi}kiista
45%
Valuutta Denaari
28%
Vuosina 359–336 eaa. hallinnut makedonialainen kuningas, joka valloitti nykyisen Pohjois-Makedonian alueen Filippos II
26%
Yksi Euroopan suurimmista kaupungeista vuonna 1000. Jakaa nimensä sen vieressä sijaitsevan järven kanssa Ohrid
25%
Toiseksi suurin kaupunki, saanut oletettavasti nimensä turkkilaiselta kumaanien kansalta Kumanovo
14%
Toinen suuri järvi, jonka Pohjois-Makedonia jakaa kahden naapurimaansa kanssa Préspa
12%
Suuri joki, joka virtaa maan halki Vardar
11%
Ehtoja vastaavia visoja ei löytynyt
Tulosjakauma
Jokaisen tuloksen saaneiden osuus
Persentiili vastausten määrän mukaan
Tuloshistoriasi
Et ole pelannut tätä visaa